| 000 | 00606nam a2200193Ia 4500 | ||
|---|---|---|---|
| 008 | 090123s9999 xx 000 0 und d | ||
| 082 | _b42008 | ||
| 100 | _aबर्वे राजेंद्र | ||
| 245 | _aयातून मार्ग काय? | ||
| 250 | _a1 | ||
| 260 | _c2007 | ||
| 300 | _a176 | ||
| 600 | _aबर्वे राजेंद्र | ||
| 630 | _aयातून मार्ग काय? | ||
| 700 | _aबर्वे राजेंद्र | ||
| 700 | _aबर्वे ललिता | ||
| 730 | _aयातून मार्ग काय? | ||
| 942 | _cBOOK | ||
| 999 |
_c80086 _d80086 |
||